000 00782cam a2200277 4500
008 090401t1998 xxu||||| |||| 00| 0 eng d
020 _a0406896712
035 _a(Sirsi) u84478
041 _aeng
050 _a346.41043
100 _aBlackburn, Tony
245 _aGardens and the law.
260 _aLondon
_bButterworths
_c1998
300 _axxx,268p. ; 22cm.
350 _a45
520 _aA guide for practitioners and laymen to the current legal problems relating to gardens and landed estates including property disputes. Includes many practical precedents.
650 _aBoundary disputes
_96221
650 _aBURIALS
650 _aGARDENS
650 _aLAW
650 _aPLANTS
650 _aTREES
690 _aLAW
942 _n0
948 _c25/02/1998
999 _c96955
_d96955